[Event "CZE-chT2A 0910"]
[Site "Czech Republic"]
[Date "2010.01.17"]
[Round "5.6"]
[White "Pahorecky, Jiri"]
[Black "Janocko, Petr"]
[Result "1-0"]
[WhiteElo "2024"]
[BlackElo "2050"]
[PlyCount "75"]
[EventDate "2009.10.18"]
[EventType "team-tourn"]
[EventRounds "11"]
[EventCountry "CZE"]
[SourceTitle "EXT 2012"]
[Source "ChessBase"]
[SourceDate "2011.11.24"]
[SourceVersion "1"]
[SourceVersionDate "2011.11.24"]
[SourceQuality "1"]
[WhiteTeam "Cesky Krumlov"]
[BlackTeam "Plzen Letna"]
[WhiteTeamCountry "CZE"]
[BlackTeamCountry "CZE"]

1. e4 c6 2. d4 d5 3. exd5 cxd5 4. c4 Nf6 5. Nc3 e6 6. Nf3 Nc6 7. cxd5 exd5 8. Bb5 a6 9. Bxc6+ bxc6 10. Ne5 Bd7 11. 0-0 Be7 12. Re1 0-0 13. Bf4 Bb4 14. Bg5 Be7 15. Rc1 h6 16. Bf4 Re8 17. Na4 Bb4 18. Bd2 Qa5 19. Rc5 Bxd2 20. Rxa5 Bxa5 21. Re3 Rab8 22. a3 Bc7 23. Nxd7 Nxd7 24. Rxe8+ Rxe8 25. g3 Re4 26. Qc2 Re6 27. Qd3 a5 28. Qa6 Nf6 29. Nc5 Re1+ 30. Kg2 Bd6 31. Qxa5 Re2 32. Qd8+ Bf8 33. b3 Rd2 34. a4 Rxd4 35. a5 Rd2 36. a6 Ra2 37. Na4 Ne4 38. a7 1-0

[Event "CZE-chT2A 0809"]
[Site "Czech Republic"]
[Date "2009.01.11"]
[Round "6.8"]
[White "Pahorecky, Jiri"]
[Black "Gschwendtner, Stanislav"]
[Result "0-1"]
[WhiteElo "1993"]
[BlackElo "2049"]
[PlyCount "81"]
[EventDate "2008.10.12"]
[EventType "team-tourn"]
[EventRounds "11"]
[EventCountry "CZE"]
[SourceTitle "EXT 2010"]
[Source "ChessBase"]
[SourceDate "2010.11.25"]
[SourceVersion "1"]
[SourceVersionDate "2010.11.25"]
[SourceQuality "1"]
[WhiteTeam "Ceske Budejovice"]
[BlackTeam "Klatovy Sokol "]
[WhiteTeamCountry "CZE"]
[BlackTeamCountry "CZE"]

1. e4 c5 2. Nc3 Nc6 3. f4 g6 4. Nf3 Bg7 5. Bc4 e6 6. f5 Nge7 7. fxe6 fxe6 8. d3 d5 9. Bb3 b5 10. a3 c4 11. Ba2 0-0 12. 0-0 Qb6+ 13. Kh1 b4 14. axb4 Nxb4 15. exd5 Nxa2 16. Rxa2 cxd3 17. Qxd3 Nxd5 18. Nxd5 exd5 19. Ra1 d4 20. c3 Bf5 21. Qc4+ Be6 22. Qd3 Rac8 23. Ra6 Bc4 24. Qxc4+ Rxc4 25. Rxb6 axb6 26. cxd4 Rxd4 27. Be3 Rb4 28. Rb1 Re8 29. Bc1 Re2 30. b3 Rg4 31. g3 Rf2 32. Ng1 Re4 33. Bf4 Rb4 34. Bd6 Rd4 35. Bf4 Rd3 36. Bc7 Bd4 37. Nh3 Rc2 38. Bf4 b5 39. Ng5 Be3 40. Ne6 Bxf4 41. gxf4 0-1

[Event "CZE-chT2A 0809"]
[Site "Czech Republic"]
[Date "2008.12.07"]
[Round "4.8"]
[White "Pahorecky, Jiri"]
[Black "Gebert, Marcel"]
[Result "1/2-1/2"]
[WhiteElo "1993"]
[BlackElo "2067"]
[PlyCount "92"]
[EventDate "2008.10.12"]
[EventType "team-tourn"]
[EventRounds "11"]
[EventCountry "CZE"]
[SourceTitle "EXT 2010"]
[Source "ChessBase"]
[SourceDate "2010.11.25"]
[SourceVersion "1"]
[SourceVersionDate "2010.11.25"]
[SourceQuality "1"]
[WhiteTeam "Ceske Budejovice"]
[BlackTeam "Praha Pankrac II"]
[WhiteTeamCountry "CZE"]
[BlackTeamCountry "CZE"]

1. e4 e6 2. d4 d5 3. Nd2 b6 4. Ngf3 dxe4 5. Nxe4 Bb7 6. Bd3 Nd7 7. Qe2 Ngf6 8. Bg5 h6 9. Bxf6 gxf6 10. 0-0-0 c6 11. Rhe1 Qc7 12. Kb1 0-0-0 13. Ba6 Rg8 14. g3 f5 15. Nc3 b5 16. Bxb7+ Kxb7 17. Ne5 Nxe5 18. dxe5 Bb4 19. Qe3 Qb6 20. Qf3 Bxc3 21. bxc3 Rd5 22. Re3 Qc5 23. Rxd5 cxd5 24. Rd3 Rg4 25. Qe2 Re4 26. Re3 Rxe3 27. Qxe3 Qxe3 28. fxe3 Kc6 29. Kb2 Kc5 30. Kb3 a5 31. a3 h5 32. h4 a4+ 33. Ka2 Kc6 34. Kb2 Kc5 35. Kc1 f6 36. exf6 Kd6 37. Kd2 e5 38. f7 Ke7 39. Ke2 Kxf7 40. Kd3 Ke6 41. Ke2 Kd6 42. Kd2 Kc6 43. Ke2 e4 44. Kd2 Kc5 45. Kc1 Kc4 46. Kd2 Kc5 1/2-1/2

[Event "CZE-ch U16"]
[Site "Sec u Chrudimi"]
[Date "2007.03.14"]
[Round "6"]
[White "Pahorecky, Jiri"]
[Black "Kratochvil, Milan"]
[Result "0-1"]
[WhiteElo "1960"]
[BlackElo "2086"]
[PlyCount "58"]
[EventDate "2007.03.10"]
[EventType "swiss"]
[EventRounds "9"]
[EventCountry "CZE"]
[SourceTitle "EXT 2008"]
[Source "ChessBase"]
[SourceDate "2007.11.25"]
[SourceVersion "1"]
[SourceVersionDate "2007.11.25"]
[SourceQuality "1"]

1. d4 Nf6 2. c4 c5 3. d5 b5 4. cxb5 a6 5. bxa6 Bxa6 6. Nc3 g6 7. g3 d6 8. Bg2 Bg7 9. Nf3 0-0 10. 0-0 Nbd7 11. Re1 Qb6 12. e4 Ng4 13. h3 Nge5 14. Nxe5 Nxe5 15. Bf1 Bxf1 16. Rxf1 Rfb8 17. Qe2 Qb4 18. Rb1 Nc4 19. Bd2 Nxd2 20. Qxd2 Rxa2 21. Qd3 Qb3 22. Rfd1 Ra7 23. Ra1 Rxa1 24. Rxa1 Bd4 25. Qd2 Qxb2 26. Qxb2 Rxb2 27. Nd1 Re2 28. Rb1 Re1+ 29. Kg2 c4 0-1

[Event "CZE-ch U16"]
[Site "Sec u Chrudimi"]
[Date "2005.10.26"]
[Round "6"]
[White "Pahorecky, Jiri"]
[Black "Pozdnicek, Richard"]
[Result "1-0"]
[WhiteElo "1895"]
[BlackElo "1597"]
[PlyCount "37"]
[EventDate "2005.10.22"]
[EventType "swiss"]
[EventRounds "9"]
[EventCountry "CZE"]
[SourceTitle "EXT 2008"]
[Source "ChessBase"]
[SourceDate "2007.11.25"]
[SourceVersion "1"]
[SourceVersionDate "2007.11.25"]
[SourceQuality "1"]

1. e4 e6 2. d4 d5 3. Nd2 Nf6 4. e5 Nfd7 5. f4 c5 6. c3 Nc6 7. Ndf3 Qb6 8. g3 cxd4 9. cxd4 Bb4+ 10. Kf2 f6 11. Kg2 0-0 12. Bd3 Kh8 13. Bb1 fxe5 14. fxe5 Qc7 15. Ng5 Nxd4 16. Qh5 Nf6 17. exf6 gxf6 18. Nxh7 Qxc1 19. Ng5+ 1-0

[Event "CZE-ch U16"]
[Site "Sec u Chrudimi"]
[Date "2005.10.25"]
[Round "4"]
[White "Pahorecky, Jiri"]
[Black "Pecinka, Martin"]
[Result "1/2-1/2"]
[WhiteElo "1895"]
[BlackElo "1709"]
[PlyCount "32"]
[EventDate "2005.10.22"]
[EventType "swiss"]
[EventRounds "9"]
[EventCountry "CZE"]
[SourceTitle "EXT 2008"]
[Source "ChessBase"]
[SourceDate "2007.11.25"]
[SourceVersion "1"]
[SourceVersionDate "2007.11.25"]
[SourceQuality "1"]

1. e4 c5 2. Nf3 d6 3. d4 cxd4 4. Nxd4 Nf6 5. Nc3 g6 6. Be3 Bg7 7. f3 0-0 8. Qd2 Nc6 9. 0-0-0 d5 10. Kb1 Nxd4 11. e5 Nxf3 12. gxf3 Nh5 13. Qxd5 Qc7 14. f4 Be6 15. Qc5 Qxc5 16. Bxc5 Nxf4 1/2-1/2

[Event "Olomouc op"]
[Site "Olomouc"]
[Date "2005.08.04"]
[Round "1"]
[White "Krapivin, Vladislav"]
[Black "Pahorecky, Jiri"]
[Result "1/2-1/2"]
[WhiteElo "2410"]
[BlackElo "1996"]
[PlyCount "140"]
[EventDate "2005.08.04"]
[EventType "swiss"]
[EventRounds "9"]
[EventCountry "CZE"]
[SourceTitle "CBM 107 Extra"]
[Source "ChessBase"]
[SourceDate "2005.09.01"]
[SourceVersion "1"]
[SourceVersionDate "2005.09.01"]
[SourceQuality "1"]

1. e4 c5 2. Nc3 Nc6 3. g3 g6 4. Bg2 Bg7 5. d3 d6 6. f4 e6 7. Nf3 Nge7 8. 0-0 0-0 9. Be3 Rb8 10. e5 dxe5 11. fxe5 Nxe5 12. Bxc5 Nxf3+ 13. Qxf3 b6 14. Qf4 Ba6 15. Bd6 Rc8 16. Qb4 Re8 17. Qa3 Nf5 18. Bf4 Bxc3 19. bxc3 Bb5 20. c4 Bc6 21. Bxc6 Rxc6 22. Rae1 Qe7 23. Qb2 Qc5+ 24. Rf2 Qd4 25. Qa3 b5 26. Be5 Qb6 27. cxb5 Rxc2 28. d4 Rxf2 29. Kxf2 Nxd4 30. Qe3 Nxb5 31. Qxb6 axb6 32. Rb1 Na3 33. Rc1 b5 34. Rc7 Nc4 35. Bf6 Nd6 36. Kf3 Rc8 37. Rd7 Ne8 38. Bd4 h5 39. Rb7 Nd6 40. Rb6 Nf5 41. Bf6 Ra8 42. h3 Ng7 43. Rxb5 Rxa2 44. Rb8+ Kh7 45. g4 hxg4+ 46. hxg4 g5 47. Bxg5 Kg6 48. Be3 Ra3 49. Ke2 Ra2+ 50. Kf3 Ra3 51. Ke2 Ra2+ 52. Kf3 Ra3 53. Rh8 f5 54. Rh6+ Kf7 55. g5 e5 56. Ke2 Ra2+ 57. Kf3 Ra3 58. Ke2 Ra2+ 59. Kf3 Ra3 60. Rf6+ Ke7 61. Ke2 Ra2+ 62. Kd1 Ra5 63. Bd2 Rb5 64. Bc1 Ra5 65. Bd2 Rb5 66. Bc1 Ra5 67. Bd2 Rb5 68. Bc1 Ra5 69. Bd2 Rb5 70. Bc1 Ra5 1/2-1/2

[Event "Strmilov op"]
[Site "Strmilov"]
[Date "2004.05.05"]
[Round "2"]
[White "Piza, Vlastimil"]
[Black "Pahorecky, Jiri"]
[Result "1-0"]
[WhiteElo "2278"]
[BlackElo "1946"]
[PlyCount "97"]
[EventDate "2004.05.05"]
[EventType "swiss"]
[EventRounds "9"]
[EventCountry "CZE"]
[SourceTitle "EXT 2006"]
[Source "ChessBase"]
[SourceDate "2005.11.24"]
[SourceVersion "1"]
[SourceVersionDate "2005.11.24"]
[SourceQuality "1"]

1. c4 c5 2. Nc3 Nc6 3. g3 b6 4. Bg2 Bb7 5. e3 e6 6. Nge2 Nf6 7. 0-0 Be7 8. d4 cxd4 9. exd4 d5 10. cxd5 Nxd5 11. Nxd5 exd5 12. Nf4 Na5 13. Qh5 0-0 14. b3 g6 15. Qg4 Bf6 16. Nh5 Bh8 17. Bh6 Bc8 18. Qf3 gxh5 19. Qxh5 Bg7 20. Bxg7 Kxg7 21. b4 Nb7 22. Bxd5 Qf6 23. Rac1 Rb8 24. Rxc8 Rfxc8 25. Bxb7 Rd8 26. Be4 h6 27. d5 Qg5 28. Qd1 Qe7 29. Qd4+ Qf6 30. Qd2 Rbc8 31. Rd1 Rc4 32. Bg2 Rdc8 33. d6 Rc2 34. Qe3 Re8 35. Qf3 Qxf3 36. Bxf3 f5 37. b5 Rxa2 38. d7 Rd8 39. Rd6 Rb2 40. Bc6 Re2 41. h4 Re5 42. Kg2 h5 43. Kf3 Kf7 44. Kf4 Rc5 45. Rh6 Rg8 46. Rxh5 a5 47. Rxf5+ Rxf5+ 48. Kxf5 a4 49. Bd5+ 1-0